000 00963nam a2200265Ia 4500
003 OSt
005 20220923222128.0
006 a|||||r|||| 00| 0
007 ta
008 220922b |||||||| |||| 00| 0 ben d
024 _a203,221
037 _cTextual
040 _aARTS
_cARTS
_bben
041 _2ben
_aben
082 _aO157,3M98,35, 152L3
100 _aवंधोपाध्याय, ताराशंकर; जैन, नेमिचंद्, अनु.
_9166021
245 0 _aसप्तपदी
246 _aSaptapadī
250 _aसंस्क 2
260 _aदिल्ली
_b राजकमल प्रका0
_c1973
300 _a102पृ0
_ccm.
650 _aबंगाली साहित्य
_9156264
942 _hO157,3M98,35, 152L3
_cTEXL
_2CC
999 _c353981
_d353981